000 00827nam0a22002651 4500
001 rc\2780458
005 20250806210029.0
035 _a(NLR Aleph) 006906695
090 _a15482
_c15482
100 _a20110915d1942 u y0rusy50 ca
101 0 _arus
102 _aRU
105 _ay z |||||
200 1 _aКраснознаменная Д-3
_fБорис Яглинг
210 _aМосква
_cВоенмориздат
_d1942
215 _a14, [1] с.
_d16 см.
225 1 _aБоевая библиотека краснофлотца
700 1 _aЯглинг
_bБ.Л.
_gБорис Львович
801 0 _aRU
_bNLR
_gpsbo
801 1 _aRU
_bELAR
_2rusmarc
852 _aNLR
_jЛ30 Г-2/1408
942 _cBOOK
945 _aРоссийская национальная библиотека
980 _aNB
980 _aBV